=LDR 00000nam 2200000 4500 =001 INLIS000000000041354 =005 20130612150907 =008 ***********************************ind** =035 ##$$0010-061300000041354 =041 ##$$a ind =082 ##$$a R.634.905 =090 ##$$a R.634.905, Bul b =245 ##$$a Buletin hasil hutan vol 17 no.2 oktober 2011 =260 ##$$a 2011 $b aBogor =300 ##$$a 181 hlm, ilus, 22 cm =650 ##$$a Hutan dan Kehutanan-Buletin =710 ##$$a Badan Penelitian dan Pengembangan Kehutanan Kementerian Kehutanan =850 ##$$a NNT-CD =990 ##$$a 0001/BPAP-NTB/20142015